Získajú cestovné kancelárie klientelu? Máme nádhernú krajinu, srdečných a pohostinných ľudí

Činnosť Slovenskej asociácie cestovných kancelárií (SACK).Propagácia cestovného ruchu a cestovných kancelárií.

Salvato in:
Dettagli Bibliografici
Autore principale: Chudý, V.
Altri autori: Sýkora, V.
Natura: Capitolo di libro
Lingua:slovacco
Soggetti:
Tags: Aggiungi Tag
Nessun Tag, puoi essere il primo ad aggiungerne!!

MARC

LEADER 00000naa a2200000 4500
001 r014240
005 20221213123303.2
041 0 |a slo 
044 |a SK 
245 1 0 |a Získajú cestovné kancelárie klientelu?  |b Máme nádhernú krajinu, srdečných a pohostinných ľudí  |c V. Chudý, V. Sýkora 
520 |a Činnosť Slovenskej asociácie cestovných kancelárií (SACK).Propagácia cestovného ruchu a cestovných kancelárií. 
610 2 0 |a kancelárie cestovné 
610 2 0 |a Slovensko 
610 2 0 |a ruch cestovný 
610 2 0 |a služby 
610 2 0 |a propagácia 
100 1 |a Chudý, V. 
700 1 |a Sýkora, V.